| 000 | 01017cam a22002895a 4500 | ||
|---|---|---|---|
| 001 | 18505617 | ||
| 005 | 20171024135955.0 | ||
| 008 | 150223t2016 moua frb 001 0 eng d | ||
| 020 | _a9780323321532 | ||
| 040 |
_aDNLM/DLC _beng _cDLC _dEG-ScBUE _dEG-ScBUE |
||
| 082 | 0 | 4 |
_a610.7343 _bPUB _222 |
| 130 | 0 |
_aPublic health nursing (Stanhope) _937667 |
|
| 245 | 1 | 0 |
_aPublic health nursing : _bpopulation-centered health care in the community / _c[edited by] Marcia Stanhope, Jeanette Lancaster. |
| 250 | _a9th ed. | ||
| 260 |
_aMissouri : _bElsevier, _cc.2016. |
||
| 300 |
_axviii, 1101 p. : _bill. ; _c28 cm. |
||
| 500 | _aIndex : p. 1073-1101. | ||
| 504 | _aIncludes bibliographical references. | ||
| 650 | 7 |
_aCommunity health nursing. _2BUEsh _94083 |
|
| 650 | 7 |
_aPublic health nursing. _2BUEsh _939882 |
|
| 651 | _2BUEsh | ||
| 653 |
_bNNUR _cApril2016 _cOctober2017 |
||
| 655 |
_vText book _933728 |
||
| 700 | 1 |
_aStanhope, Marcia, _eeditor. _937665 |
|
| 700 | 1 |
_aLancaster, Jeanette, _eeditor. _937666 |
|
| 942 | _2ddc | ||
| 999 |
_c21671 _d21643 |
||